| 000 | 00558nam a22001817a 4500 | ||
|---|---|---|---|
| 005 | 20240920132329.0 | ||
| 008 | 240918b |||||||| |||| 00| 0 eng d | ||
| 020 | _a978-93-87483-17-0 | ||
| 041 | _aeng | ||
| 082 | _a615.19 | ||
| 100 |
_aMUKHTAR, DR. HAYAT.M. AND KSHIRSAGAR, DR. SANDIP SHARAD AND NASEER, DR. MD. ARIF _98521 |
||
| 245 | _aPHARMACEUTICAL ORGANIC CHEMISTRY - I [ B.PHARMA, 2ND SEMESTER ] | ||
| 250 | _a1ST ED. 2018 | ||
| 260 |
_aLUCKNOW _bTHAKUR PUBLICATION PVT.LTD |
||
| 300 | _a240;P | ||
| 650 |
_aPHARMACY _xB.PHARMA |
||
| 942 | _cBK | ||
| 999 |
_c8650 _d8648 |
||